000 00387nam a22001697a 4500
005 20160628141747.0
008 160628b xxu||||| |||| 00| 0 eng d
020 _a81-85749-79-5
041 _aeng
082 _b11098
100 _aGill, P.S.
_93050
245 _aMachine Drawing
260 _bKatson Books
_c2012
300 _a709
650 _aDiploma Engineering
_9817
942 _cBK
999 _c4428
_d4427